000 00746nam a2200205 a 4500
003 0
005 20250317160538.0
008 071127s19uu xx 00 eng d
050 _aPGS LB 3609.A77
_b.K49 2007
100 _aKim, Jung Eun.
245 _aAttitude and coping mechanisms of foreign students /
_cJung Eun Kim.
260 _aLas PiƱas City, Philippines :
_bSouthville International School and Colleges,
_c2007.
300 _a27 pages :
_billustrations ;
_c28 cm.
504 _aIncludes bibliographic references.
650 _aAdjustment (Psychology) in children.
650 _aForeign students
_vPsychology.
650 _aCoping behavior in children.
650 _aStudent adjustment
_vInternational schools.
942 _2lcc
_cPASS
999 _c97732
_d97732